000 00690nam a2200289Ia 4500
005 20260324150401.0
008 008 260324s9999 xx 000 0 eng d
020 _a9780429053108
037 _aEBOOK
040 _aCRL
040 _beng
040 _cCRL
041 _2eng
041 _aeng
084 _qCRL
100 _aSwami Nikhilananda
_91226234
245 0 _aMan in Search of Immortality
245 0 _bTestimonials from the Hindu Scriptures
260 _bTaylor and Francis
260 _c1968
365 _a
365 _b145
856 _uhttp://www.taylorfrancis.com/books/9780429053108
942 _cEBOOK
999 _c1835586
_d1835586